| 000 | 01115nam a2200229 a 4500 | ||
|---|---|---|---|
| 003 | BD-DhJNU | ||
| 005 | 20251215063310.0 | ||
| 008 | 251108s2021 bg |||g |||| 000 1|ben|d | ||
| 020 | _a9789849512523 | ||
| 040 |
_aBD-DhJNU _bben _cBD-DhJNU _dBD-DhJNU |
||
| 041 | _aben | ||
| 082 |
_a891.441092 SHO _223 |
||
| 245 | 1 | 0 |
_aশতবর্ষের পদাতিক সুভাষ মুখোপাধ্যায় : _bঅপ্রকাশিত পত্রাবলি / _cআবুল আহসান চৌধুরী (সম্পাদনা) |
| 246 | _aShotoborsher Podatik Subhash Mukhopaddhay : Aprokashito Potraboli | ||
| 250 | _a1st ed. | ||
| 260 |
_aঢাকা : _bজার্নিম্যান বুকস, _c2021. |
||
| 300 |
_a১০০ পৃ. : _bচিত্র ; _c১২ সেমি.। |
||
| 504 | _aগ্রন্থপঞ্জিগত নির্দেশিকা ও নিঘন্ট অন্তভূক্ত | ||
| 650 | _aসুভাষ মুখোপাধ্যায়ের পত্রাবলি | ||
| 650 | _aSubhash Mukhopadhyay | ||
| 942 | _cBK | ||
| 999 |
_c2441 _d2441 |
||